| 000 | 01916cam a22004094a 4500 | ||
|---|---|---|---|
| 001 | 14145908 | ||
| 005 | 20061002075851.0 | ||
| 008 | 051019s2006 nyua b 000 0 eng | ||
| 010 | _a 2005044789 | ||
| 020 | _a0071461396 | ||
| 020 | _a9780071461399 | ||
| 035 | _a(OCoLC)ocm62290605 | ||
| 040 |
_aDNLM/DLC _cDLC _dYDX _dBAKER _dDLC |
||
| 042 | _apcc | ||
| 050 | 0 | 0 |
_aRG111 _b.V66 2006 |
| 060 | 1 | 0 |
_aWP 18.2 _bL274 2006 |
| 082 | 0 | 0 |
_a618.076 _222 _bLAN |
| 245 | 0 | 0 |
_aLange Q&A. _pObstetrics & Gynecology / _cLouis A. Vontver ... [et al.]. |
| 250 | _a8th ed. | ||
| 260 |
_aNew York : _bMcGraw-Hill Medical Pub. Division, 2006 _cc2006. |
||
| 300 |
_axii, 388 p. : _bill. ; _c28 ; _ccm. |
||
| 500 | _aRev. ed. of: Appleton & Lange review of obstetrics & gynecology. 7th ed. c2003. | ||
| 504 | _aIncludes bibliographical references (p. 387-388). | ||
| 650 | 0 |
_aGynecology _vExaminations, questions, etc. _927308 |
|
| 650 | 0 |
_aObstetrics _vExaminations, questions, etc. _927309 |
|
| 650 | 1 | 2 |
_aGenital Diseases, Female _vExamination Questions. _927310 |
| 650 | 2 | 2 |
_aObstetrics _vExamination Questions. _927311 |
| 653 |
_bNUR _cSeptember2011 |
||
| 700 | 1 |
_aVontver, Louis A. _927312 |
|
| 730 | 0 |
_aAppleton & Lange review of obstetrics & gynecology. _927313 |
|
| 856 | 4 | 2 |
_3Contributor biographical information _uhttp://www.loc.gov/catdir/enhancements/fy0669/2005044789-b.html |
| 856 | 4 | 2 |
_3Publisher description _uhttp://www.loc.gov/catdir/enhancements/fy0669/2005044789-d.html |
| 856 | 4 | 1 |
_3Table of contents only _uhttp://www.loc.gov/catdir/enhancements/fy0669/2005044789-t.html |
| 942 |
_2ddc _cNRB |
||
| 999 |
_c16064 _d16064 |
||